000 00663nam a2200253Ia 4500
003 OSt
005 20220918164743.0
006 a|||||r|||| 00| 0
007 ta
008 220917b |||||||| |||| 00| 0 eng d
020 _a0745619606 (hbk)
024 _a152,160
037 _cTextual
040 _aARTS
_cARTS
_beng
041 _2eng
_aeng
082 _aR7, N9
100 _aLeaman Oliver
_95157
245 0 _aA brief introduction to Islamic philosophy
260 _aCambridge
_bPolity Press
_c1999
300 _ax, 199p.
_ccm.
650 _aISLAMIC PHILOSOPHY
942 _hR7, N9
_cTEXL
_2CC
999 _c126361
_d126361